000 00706nam a2200229Ia 4500
003 OSt
005 20230517152929.0
008 210423s2014 xx 000 0 und d
020 _a978-1-4614-9637-3
040 _cAL
041 _aeng
082 _a515.8
_223
_bPONR
100 _aPONS (Matthew A)
_9107104
245 _aReal analysis for the undergraduate: with an invitation to funtional analysis
_cALLEN (Robert F)
260 _aNew York
_bSpringer Pvt Ltd
_c2014
300 _aviii,409
_bHB
365 _b3689.18
_cINR
650 _aMathematical Analysis
_9107105
650 _aMathematics
_9107106
906 _aan ; analysis ; funtional ; invitation ; Real ; undergraduate:
942 _2ddc
_cBK
999 _c166624
_d166624